[Event "North American-ch U20"]
[Site "Charlotte"]
[Date "2019.06.26"]
[Round "2"]
[White "Venkat, Raghav"]
[Black "Harris, Luke"]
[Result "1-0"]
[WhiteElo "1968"]
[BlackElo "1685"]
[PlyCount "57"]
[EventDate "2019.06.26"]
[EventType "swiss"]
[EventRounds "9"]
[EventCountry "USA"]
[SourceTitle "CBM 191 Extra"]
[Source "ChessBase"]
[SourceDate "2019.09.30"]
[SourceVersion "1"]
[SourceVersionDate "2019.09.30"]
[SourceQuality "1"]

1. d4 Nf6 2. Bf4 d5 3. e3 e6 4. Nc3 Bd6 5. Bg3 a6 6. Bd3 c5 7. dxc5 Bxc5 8. Nf3 Nc6 9. 0-0 0-0 10. e4 Nb4 11. exd5 Nbxd5 12. Ne4 Nxe4 13. Bxe4 Nf6 14. Qe2 Ra7 15. Rfd1 Qe7 16. c3 Rd8 17. b4 Bd6 18. Qe3 Ra8 19. Bxh7+ Nxh7 20. Qb6 Qc7 21. Qxc7 Bxc7 22. Bxc7 Rd7 23. Bb6 f6 24. Nd4 Kf7 25. Nb3 Ke7 26. Nc5 Rd6 27. Na4 Rc6 28. Bc5+ Ke8 29. Nb6 1-0